| 000 | 00896nam a2200265 i 4500 | ||
|---|---|---|---|
| 001 | 768714001 | ||
| 003 | CO-MdFUSB | ||
| 005 | 20220729113547.0 | ||
| 007 | ta | ||
| 008 | 211020t1998 ck a|||| |||| 00| 0 spa d | ||
| 020 | _a[No incluye ISBN] | ||
| 040 |
_aCO-MdFUSB _bspa _cCO-MdFUSB _dCO-MdFUSBC _erda |
||
| 041 | _aspa | ||
| 090 | _aAV 0256 | ||
| 110 | _aFundación Universitaria Seminario Bíblico de Colombia, | ||
| 245 | 1 |
_aSeminario Biblico de Colombia : _bbreve orientación para profesores nuevos y profesores visitantes _c/ Seminario Bíblico de Colombia |
|
| 264 | 0 |
_aMedellín, Colombia : _bFundación Universitaria Seminario Bíblico de Colombia, _c[1998] |
|
| 300 |
_a12 páginas _c; 22 cm |
||
| 336 |
_2rdacontent _atexto _btxt |
||
| 337 |
_2rdamedia _asin mediación _bn |
||
| 338 |
_2rdacarrier _avolumen _bnc |
||
| 563 | _aRústico | ||
| 650 | 0 |
_9984 _aEducación |
|
| 942 | _cAV | ||
| 999 |
_c66982 _d66982 |
||